MARC details
| 000 -CABECERA |
| campo de control de longitud fija |
02331nab a22002657ab4500 |
| 005 - FECHA Y HORA DE LA ÚLTIMA TRANSACCIÓN |
| campo de control |
20231020063929.0 |
| 008 - ELEMENTOS DE LONGITUD FIJA--INFORMACIÓN GENERAL |
| campo de control de longitud fija |
230801c2023 sp qr|p q|||| 00| 0 spa d |
| 040 ## - FUENTE DE LA CATALOGACIÓN |
| Centro catalogador/agencia de origen |
MX-MxUPN |
| Lengua de catalogación |
spa |
| Centro/agencia transcriptor |
MX-MxUPN |
| Normas de descripción |
aacr2 |
| 100 ## - ASIENTO PRINCIPAL--NOMBRE PERSONAL |
| 9 (RLIN) |
49743 |
| Nombre de persona |
Martínez Vicente, Marta |
| 100 ## - ASIENTO PRINCIPAL--NOMBRE PERSONAL |
| 9 (RLIN) |
49744 |
| Nombre de persona |
Martínez Valderrey, Vanesa |
| 100 1# - ASIENTO PRINCIPAL--NOMBRE PERSONAL |
| 9 (RLIN) |
46835 |
| Nombre de persona |
Valiente Barroso, Carlos |
| 245 10 - MENCIÓN DE TÍTULO |
| Título |
Capacidad predictiva de variables asociadas al funcionamiento ejecutivo en el perfil estudiantil : |
| Resto del título |
aportaciones a la neurociencia educativa |
| Medio |
[recurso electrónico en línea] |
| 506 0# - NOTA DE RESTRICCIONES AL ACCESO |
| Limitaciones de acceso |
Acceso abierto |
| 520 ## - NOTA DE RESUMEN, ETC. |
| Sumario, etc. |
INTRODUCCIÓN. El creciente interés por el estudio e implementación de la Neuroeducación dentro de las aulas, justifica las intervenciones en el desarrollo del funcionamiento ejecutivo como medio para mejorar el aprendizaje y, en consecuencia, el rendimiento académico. MÉTODO. En este estudio de metodología cuantitativa y no experimental en el que participaron 535 estudiantes de Educación Primaria, se analizan las relaciones entre variables vinculadas al funcionamiento ejecutivo y al aprendizaje escolar. RESULTADOS. Los resultados indican, entre otros, el carácter predictivo del déficit de atención y los errores cometidos en las estrategias de apoyo, las estrategias complementarias, la actitud hacia el estudio, el autoconcepto; así como del déficit de atención, la concentración y la hiperactividad/impulsividad en el rendimiento académico. DISCUSIÓN. Si se ha constatado que la Neurociencia es un campo interdisciplinar de conocimientos sobre cómo funciona el cerebro, que son extrapolables al ámbito educativo, los docentes deben ser conscientes de las áreas cerebrales implicadas en el aprendizaje, y, basándose en ello programar intervenciones junto a las propiamente curriculares, para el desarrollo de las funciones ejecutivas. RCM. |
| 650 #4 - ASIENTO SECUNDARIO DE MATERIA - TERMINO TEMATICO |
| 9 (RLIN) |
16394 |
| Término de materia o nombre geográfico como elemento de entrada |
Estrategias de aprendizaje |
| 650 #4 - ASIENTO SECUNDARIO DE MATERIA - TERMINO TEMATICO |
| Término de materia o nombre geográfico como elemento de entrada |
Rendimiento académico |
| 9 (RLIN) |
3961 |
| 650 #2 - ASIENTO SECUNDARIO DE MATERIA - TERMINO TEMATICO |
| 9 (RLIN) |
15751 |
| Término de materia o nombre geográfico como elemento de entrada |
Neurociencias |
| 653 ## - TERMINO DE INDIZACION - NO CONTROLADO |
| Término no controlado |
Motivación académica |
| 653 ## - TERMINO DE INDIZACION - NO CONTROLADO |
| Término no controlado |
Neurociencia educativa |
| 653 ## - TERMINO DE INDIZACION - NO CONTROLADO |
| Término no controlado |
Funciones ejecutivas |
| 773 ## - ENLACE AL DOCUMENTO FUENTE/ENTRADA DE REGISTRO ANFITRIÓN |
| Parte(s) relacionada(s) |
Vol. 34, no. 2 (2023), p. 301-312 |
| Título |
Revista complutense de educación |
| Número Internacional Normalizado para Publicaciones Seriadas |
1549-2230 |
| 856 ## - LOCALIZACIÓN Y ACCESO ELECTRÓNICOS |
| Identificador Uniforme del Recurso |
<a href="https://revistas.ucm.es/index.php/RCED/article/view/77338/4564456563816">https://revistas.ucm.es/index.php/RCED/article/view/77338/4564456563816</a> |
| 902 ## - ELEMENTOS DE DATOS B LOCAL, LDB (RLIN) |
| Creó |
Leonor Sotres/160823 |
| 942 ## - ELEMENTOS DE PUNTO DE ACCESO ADICIONAL (KOHA) |
| Tipo de ítem Koha |
Artículo Electrónico |